| 000 | 00553nam a22001697a 4500 | ||
|---|---|---|---|
| 999 |
_c187122 _d187122 |
||
| 005 | 20220401115826.0 | ||
| 010 | _aENG-132198 | ||
| 020 |
_a9789383445493 _c980.00 |
||
| 035 | _aEN-115730 | ||
| 037 | _bDBAD/PUB | ||
| 082 | _a337.54058 | ||
| 245 |
_aIndia-Central Asia Relations The Road Ahead/ _cEdited by Athar Zafar |
||
| 260 |
_aNew Delhi _bKW Publishers Pvt. Ltd _c2021 |
||
| 270 |
_a4676/21, First Floor, Ansari Road, Daryaganj _e110002 _bNew Delhi |
||
| 300 |
_axi, 184p. _bIndex _c23cm(hbk) |
||
| 942 |
_2ddc _cEN _mIND _h337.54058 |
||